Les 10 plus grand lacs de France - Statistiques

Statistiques générales
  • Ce quiz a été pris 74 fois
  • Le résultat moyen est 2 sur 10
Statistiques - réponses
Superficie (en km2) Nom du lac % Correct
234 Leman
84%
44 Bourget
61%
155 Berre
32%
75 Thau
19%
62,9 Grand-Lieu
13%
55,6 Cazaux / Sanguinet
10%
63,3 Vaccarès
9%
58,3 Carcans
7%
54,8 Leucate
6%
70 Brière
1%
Aucun quiz correspondant
Distribution des résultats
% des personnes avec chaque résultat
Percentile par nombre de réponses
Votre historique - résultats
Vous n’avez pas pris ce quiz